| 000 | 00938nam a2200265 a 4500 | ||
|---|---|---|---|
| 001 | 52025 | ||
| 003 | BD-RjUL | ||
| 005 | 20211209075737.0 | ||
| 008 | 160905s1949 enksr1p a 0 |eng | ||
| 035 | _a(BD-RjUL)52145 | ||
| 040 |
_aDLC _cMnMULS _dDLC _dDLC _dMdBJ _dCStRLIN _dNNC _dBD-RjUL _beng |
||
| 041 | _aeng | ||
| 082 |
_223 _a530 _bPHY 1949 |
||
| 245 | 0 | 0 |
_aPhysics abstracts. : _bSection A of science abstracts. / |
| 260 |
_aLondon : _bInstitution of Electrical Engineers., _c1949 |
||
| 300 |
_av. ; _c30 cm. |
||
| 500 | _aPublished in Piscataway, NJ, [1996-] | ||
| 505 | _a Vol. 52 -- | ||
| 550 | _aIssues for 1972-<May 17, 1976> published "in association with the Institute of Electrical and Electronics Engineers." | ||
| 650 | 0 |
_aPhysics _9155575 |
|
| 710 | 2 |
_aInstitution of Electrical Engineers. _9134856 |
|
| 710 | 2 |
_aInstitute of Electrical and Electronics Engineers. _9155576 |
|
| 942 |
_2ddc _cBK |
||
| 999 |
_c52025 _d52025 |
||